[Event "Boeblingen op 22nd"]
[Site "Boeblingen"]
[Date "2005.12.26"]
[Round "1"]
[White "Eckwert, Edgar"]
[Black "Michalczak, Thomas"]
[Result "0-1"]
[WhiteElo "1881"]
[BlackElo "2386"]
[PlyCount "70"]
[EventDate "2005.12.26"]
[EventType "swiss"]
[EventRounds "9"]
[EventCountry "GER"]
[SourceTitle "CBM 110 Extra"]
[Source "ChessBase"]
[SourceDate "2006.03.10"]
[SourceVersion "2"]
[SourceVersionDate "2006.03.10"]
[SourceQuality "1"]

1. d4 Nf6 2. c4 e6 3. Nf3 d5 4. e3 a6 5. cxd5 exd5 6. Qb3 Bd6 7. Be2 0-0 8. 0-0 Re8 9. Nc3 c6 10. Bd2 Qe7 11. Rac1 Nbd7 12. a4 a5 13. Bd3 Ne4 14. Qc2 Ndf6 15. Ne2 Bg4 16. Ng3 g6 17. Rce1 Bxf3 18. gxf3 Nxd2 19. Qxd2 Bb4 20. Qc2 Bxe1 21. Rxe1 Qb4 22. Re2 Rac8 23. Qd1 c5 24. Bb5 Re7 25. dxc5 Rxc5 26. e4 dxe4 27. fxe4 Kg7 28. Qd3 Rc1+ 29. Kg2 Re1 30. Rxe1 Qxe1 31. f3 Rc7 32. Bc4 Rd7 33. Qb3 Rd2+ 34. Kh3 Qf2 35. Nf1 Qg2+ 0-1